00659nam a2200193Ia 4500952014300000999001700143003000400160005001700164008004100181020001800222040000900240082001800249100002400267245005400291260004600345300000900391650002300400942004200423 00102ddc40708LITaMESbMEScENGd2019-02-20g40.00l1m1o801.95 RIC/Pp20141r2024-03-27 14:08:30s2024-03-05w2019-02-20yBKzGR14R3 c13725d13725OSt20201020114638.0190216s9999||||xx |||||||||||||| ||und|| a9788185392363 coclc a801.95bRIC/P aRichards, I A95320 0aPrinciples Of Literary Criticism /c I A Richards bUniversal Book Stall ,c1993.aNew Delhi: a242p aEnglish Literature cBK2ddch801.35iRIC/Pk801.35mRIC/P